000 00830nam a2200205Ii 4500
003 JO-AjNU
008 230605s9999||||xx |||||||||||||| ||und||
040 _aJO-AjNU
_bara
_erda
_cJO-AjNU
041 _aara
050 1 4 _aHD62.4.H37 2018
100 3 _aالحريري، محمد سرور,
_eauthor
_958117
245 0 0 _aإدارة الأعمال الدولية: مدخل إستراتيجي لإدارة الأعمال الدولية والعالمية المعاصرة و الحديثة
250 _aط1
264 3 1 _aعمان: دار صفاء للطباعة والنشر والتوزيع، 2018
300 _a224ص
336 _atext
_btxt
_2rdacontent
337 _aunmediated
_bn
_2rdamedia
338 _avolume
_bnc
_2rdacarrier
650 4 _aإدارة الأعمال - الشركات الدولية - إدارة
_958118
999 _aA26082
_c29650
_d29650